clubs en LDC 2024/2025 (mort subite) - Statistiques

Statistiques générales
  • Ce quiz a été pris 5 303 fois
  • Le résultat moyen est 10 sur 17
Answers on the Grid
Answers color-coded by a green-red scale on the quiz's grid according to % correct below.
manchester united
manchester city
olympique de marseille/OM
paris sg/PSG
slovan bratislava
LOSC
as roma
juventus
bayern munich
gerone
barcelone
real madrid
atletico
lazio rome
lyon/OL
anderlecht
benfica
porto
celtic
rangers
liverpool
borussia durtund
stuttgart
chelsea
villareal
arsenal
Brest
naples
 
Statistiques - réponses
Réponse % Correct
manchester city
92%
paris sg/PSG
88%
real madrid
80%
bayern munich
76%
barcelone
75%
LOSC
74%
atletico
69%
juventus
59%
liverpool
59%
arsenal
56%
benfica
55%
Brest
53%
borussia durtund
52%
gerone
50%
slovan bratislava
39%
stuttgart
38%
celtic
31%
Aucun quiz correspondant
Distribution des résultats
% des personnes avec chaque résultat
Percentile par nombre de réponses
Votre historique - résultats
Vous n’avez pas pris ce quiz